Managing people across europe / (Record no. 346997)

000 -LEADER
fixed length control field 00674 a2200169 4500
020 ## - INTERNATIONAL STANDARD BOOK NUMBER
International Standard Book Number 0750615702 (paperback)
020 ## - INTERNATIONAL STANDARD BOOK NUMBER
International Standard Book Number 9780750615709 (paperback)
090 ## - LOCALLY ASSIGNED LC-TYPE CALL NUMBER (OCLC); LOCAL CALL NUMBER (RLIN)
-- 4555
-- 4555
100 1# - MAIN ENTRY--PERSONAL NAME
Personal name Garrison, Terry.
245 10 - TITLE STATEMENT
Title Managing people across europe /
Statement of responsibility, etc. Terry Garrison, David Rees.
260 ## - PUBLICATION, DISTRIBUTION, ETC.
Place of publication, distribution, etc. [S.l.] :
Name of publisher, distributor, etc. Butterworth-Heinemann,
Date of publication, distribution, etc. 1994.
300 ## - PHYSICAL DESCRIPTION
Extent 178 p. ;
Dimensions 23 cm.
520 ## - SUMMARY, ETC.
Summary, etc. Addresses the growing need for managers to understand cross-cultural differences in management style and practice across Europe. Paper.
700 1# - ADDED ENTRY--PERSONAL NAME
Personal name Rees, David.
856 40 - ELECTRONIC LOCATION AND ACCESS
Materials specified Amazon.com
Uniform Resource Identifier <a href="http://www.amazon.com/exec/obidos/ASIN/0750615702/chopaconline-20">http://www.amazon.com/exec/obidos/ASIN/0750615702/chopaconline-20</a>
942 ## - ADDED ENTRY ELEMENTS (KOHA)
Institution code [OBSOLETE] NBS
Koha item type Book
Call number prefix 658.3 MAN
Holdings
Withdrawn status Lost status Damaged status Not for loan Permanent Location Current Location Date acquired Total Checkouts Full call number Barcode Date last seen Price effective from Koha item type
        Central Library (CL) Central Library (CL) 08/28/2013   658.3 MAN NBS3103 08/28/2013 08/28/2013 Book
© 2023 Central Library, National University of Sciences and Technology. All Rights Reserved.